Siglo XXI : ¿un nuevo paradigma de la política? /
Gespeichert in:
| Körperschaft: | |
|---|---|
| Weitere Verfasser: | |
| Format: | Tagungsbericht Buch |
| Sprache: | Spanisch |
| Veröffentlicht: |
Barcelona, España : Palma de Mallorca, España :
Anthropos ; Universidad de las Islas Baleares,
2004, c2004
|
| Schriftenreihe: | (Pensamiento Crítico/Pensamiento Utópico ; Argumentos de la Política)
139. |
| Schlagworte: | |
| Tags: |
Keine Tags, Fügen Sie das erste Tag hinzu!
|
MARC
| LEADER | 00000nam^a2200000^a^4500 | ||
|---|---|---|---|
| 001 | 000172458 | ||
| 005 | 20250521000000.0 | ||
| 009 | 20260310101419.269 | ||
| 020 | |a 84-7658-681-7 | ||
| 037 | |a Acervo ITESO - Biblioteca | ||
| 041 | |a ESP | ||
| 082 | |a 320. 01 |b SIM 2000 | ||
| 111 | |a Simposium de Filosofía Política Alberto Saoner ( |n 1o : |d 2000 : |c Palma de Mallorca, España) | ||
| 245 | 1 | 0 | |a Siglo XXI : |b ¿un nuevo paradigma de la política? / |c Ed. de F. Quesada. |
| 264 | 4 | |a Barcelona, España : |b Anthropos ; |a Palma de Mallorca, España : |b Universidad de las Islas Baleares, |c 2004, c2004 | |
| 300 | |a 349 p. | ||
| 336 | |a texto |b txt |2 rdacontenido | ||
| 337 | |a sin mediación |b n |2 rdamedio | ||
| 338 | |a volumen |b nc |2 rdasoporte | ||
| 440 | 1 | |a (Pensamiento Crítico/Pensamiento Utópico ; |v 139. |p Argumentos de la Política) | |
| 649 | |a XX | ||
| 650 | |a Filosofía Política - |x Congresos | ||
| 650 | |a Modernidad y Posmodernidad | ||
| 650 | |a Socialdemocracia | ||
| 650 | |a República | ||
| 650 | |a Globalización | ||
| 650 | |a Estado de Bienestar | ||
| 650 | |a Representación Política | ||
| 650 | |a Relaciones Internacionales | ||
| 650 | |a Política Internacional | ||
| 650 | |a Política - |x Historia - |y Siglo XX | ||
| 650 | |a Política - |x Teoría | ||
| 700 | |a Quesada, Fernando |e (edición) | ||
| 910 | |a Fondo General | ||
| 920 | |a Impresos - Libros | ||
| 930 | |a Colección General | ||
| 905 | |a 101 | ||
| 901 | |a 0500110881 |b IT1 |c ACC |u 20250521 | ||
| 902 | |a https://opac.biblio.iteso.mx/vufind/Record/000172458 | ||